Tratado de la prueba judicial
Bewaard in:
| Hoofdauteur: | |
|---|---|
| Formaat: | Boek |
| Taal: | Spaans |
| Gepubliceerd in: |
Bogotá
Del Profesional Ltda
2005
|
| Editie: | 5a. ed |
| Onderwerpen: | |
| Tags: |
Voeg label toe
Geen labels, Wees de eerste die dit record labelt!
|
MARC
| LEADER | 00000nam a2200000 a 4500 | ||
|---|---|---|---|
| 001 | UCJ0176 | ||
| 003 | CL-VaPUC | ||
| 008 | 060707e20050000CK |||||||||||||||||spa|d | ||
| 020 | |a 9586352498 | ||
| 020 | |a 9587070704v.4 | ||
| 082 | 0 | 4 | |a 347.8607 |b PAR |2 21 |
| 100 | |a Parra Quijano, Jairo |e autor |9 519582 | ||
| 245 | 1 | 0 | |a Tratado de la prueba judicial |
| 250 | |a 5a. ed | ||
| 300 | |a v | ||
| 942 | |c BK | ||
| 945 | |d 20060707 00:00:00 |a cmena | ||
| 260 | |a Bogotá |b Del Profesional Ltda |c 2005 | ||
| 500 | |a v.4: Indicios y presunciones | ||
| 500 | |a Ampliada y actualizada, Ley 906 de 2004, Código de Procedimiento Penal | ||
| 650 | 0 | |a Procedimiento civil |9 254870 | |
| 650 | 0 | |a Derecho procesal civil |9 258071 | |
| 650 | 7 | |a DERECHO CIVIL COLOMBIANO |2 CL-VaPUC |9 500219 | |
| 650 | 7 | |a PRESUNCION LEGAL |2 CL-VaPUC |9 360443 | |
| 650 | 0 | |a Recursos procesales |9 255595 | |
| 650 | 7 | |a PRUEBAS JUDICIALES |2 CL-VaPUC |9 500220 | |
| 650 | 0 | |a Juicios |9 327339 | |
| 651 | 0 | |a Colombia |9 256424 | |
| 583 | |a last modification |c 20130305 02:12:20 |k Rodrigo Vera | ||
| 999 | |c 317104 |d 317102 | ||
| 952 | |0 0 |1 0 |4 0 |6 347_860700000000000_PAR_2005 |7 0 |8 A |9 392862 |a BIBDER |b BIBDER |d 2019-11-22 |h v.4 |i 4247884 |o 347.8607 PAR 2005 |p 4247884 |r 2023-01-25 |w 2019-11-22 |y BK |k DER | ||